000 00596cam a22002051 4500
001 rc 01000167
003 DLC
005 20260227111859.0
008 800128s1874 wyu 000 0 eng
010 _arc 01000167
035 _a(OCoLC)5919721
040 _aDLC
_cUU
_dDLC
042 _apremarc
050 0 0 _aF761
_b.W64
110 1 _aWyoming.
_bBoard of Immigration.
245 1 4 _aThe territory of Wyoming;
_bits history, soil, climate, resources, etc. ...
260 _aLaramie,
_bDaily sentinel print,
_c1874.
300 _a83, [1] p.
_c22 cm.
651 0 _aWyoming
_xDescription and travel.
999 _c51738
_d51738